Differentiation of cryptosporidium parvum isolates by a simplified randomly amplified polymorphic DNA technique /

Αποθηκεύτηκε σε:
Λεπτομέρειες βιβλιογραφικής εγγραφής
Κύριος συγγραφέας: Deng, Ming Qi
Άλλοι συγγραφείς: Cliver, Dean O.
Μορφή: Άρθρο
Γλώσσα:English
Θέματα:
Ετικέτες: Προσθήκη ετικέτας
Δεν υπάρχουν, Καταχωρήστε ετικέτα πρώτοι!
Thư viện lưu trữ: Thư viện Trường Đại học Đà Lạt
LEADER 00988nam a2200313 4500
001 DLU090091499
005 ##20091201
040 # # |a DLU  |b eng 
041 # # |a eng 
044 # # |a us 
100 # # |a Deng, Ming Qi 
245 # # |a Differentiation of cryptosporidium parvum isolates by a simplified randomly amplified polymorphic DNA technique /  |c Ming Qi Deng, Dean O. Cliver. 
653 # # |a Chromosome DNA 
653 # # |a Cryptosporidium parvum  
653 # # |a Differentiation 
653 # # |a Genetic markers 
653 # # |a Parasites 
653 # # |a Random amplified polymorphic DNA 
700 # # |a Cliver, Dean O. 
773 # # |t Applied and Environmental Microbiology  |g Vol. 64, no. 5 (May 1998), p. 1954-1957 
920 # # |a Phòng Tạp chí -- Trung tâm Thông tin - Thư viện Trường Đại học Đà Lạt 
994 # # |a DLU 
900 # # |a True 
911 # # |a Trương Bảo Trâm Anh 
925 # # |a G 
926 # # |a A 
927 # # |a BB 
980 # # |a Thư viện Trường Đại học Đà Lạt